Atomic and electronic structure of solids / (Record no. 566433)

000 -LEADER
fixed length control field 01284cam a2200337 a 4500
001 - CONTROL NUMBER
control field 13301416
003 - CONTROL NUMBER IDENTIFIER
control field CEME
005 - DATE AND TIME OF LATEST TRANSACTION
control field 20210628201530.0
008 - FIXED-LENGTH DATA ELEMENTS--GENERAL INFORMATION
fixed length control field 030805s2003 enka b 001 0 eng
010 ## - LIBRARY OF CONGRESS CONTROL NUMBER
LC control number 2003276073
015 ## - NATIONAL BIBLIOGRAPHY NUMBER
National bibliography number GBA2-U8397
020 ## - INTERNATIONAL STANDARD BOOK NUMBER
International Standard Book Number 9780521810104
035 ## - SYSTEM CONTROL NUMBER
System control number (OCoLC)ocm50718056
040 ## - CATALOGING SOURCE
Original cataloging agency UKM
Transcribing agency UKM
Modifying agency ERE
-- OCLCQ
-- DLC
042 ## - AUTHENTICATION CODE
Authentication code lccopycat
050 00 - LIBRARY OF CONGRESS CALL NUMBER
Classification number QC176
Item number .K38 2003
082 00 - DEWEY DECIMAL CLASSIFICATION NUMBER
Classification number 530.4/11
Edition number 22
100 1# - MAIN ENTRY--PERSONAL NAME
Personal name Kaxiras, Efthimios.
9 (RLIN) 55688
245 10 - TITLE STATEMENT
Title Atomic and electronic structure of solids /
Statement of responsibility, etc. Efthimios Kaxiras.
260 ## - PUBLICATION, DISTRIBUTION, ETC.
Place of publication, distribution, etc. Cambridge, UK ;
-- New York :
Name of publisher, distributor, etc. Cambridge University Press,
Date of publication, distribution, etc. 2003.
300 ## - PHYSICAL DESCRIPTION
Extent xx, 676 p. :
Other physical details ill. ;
Dimensions 26 cm.
504 ## - BIBLIOGRAPHY, ETC. NOTE
Bibliography, etc. note Includes bibliographical references (p. 660-666) and index.
650 #0 - SUBJECT ADDED ENTRY--TOPICAL TERM
Topical term or geographic name entry element Solids.
9 (RLIN) 34504
650 #0 - SUBJECT ADDED ENTRY--TOPICAL TERM
Topical term or geographic name entry element Solid-state physics.
9 (RLIN) 34429
650 #0 - SUBJECT ADDED ENTRY--TOPICAL TERM
Topical term or geographic name entry element Atomic structure.
9 (RLIN) 55689
856 41 - ELECTRONIC LOCATION AND ACCESS
Materials specified Sample text
Uniform Resource Identifier <a href="http://www.loc.gov/catdir/samples/cam034/2003276073.html">http://www.loc.gov/catdir/samples/cam034/2003276073.html</a>
856 42 - ELECTRONIC LOCATION AND ACCESS
Materials specified Publisher description
Uniform Resource Identifier <a href="http://www.loc.gov/catdir/description/cam032/2003276073.html">http://www.loc.gov/catdir/description/cam032/2003276073.html</a>
856 41 - ELECTRONIC LOCATION AND ACCESS
Materials specified Table of contents
Uniform Resource Identifier <a href="http://www.loc.gov/catdir/toc/cam032/2003276073.html">http://www.loc.gov/catdir/toc/cam032/2003276073.html</a>
856 42 - ELECTRONIC LOCATION AND ACCESS
Materials specified Contributor biographical information
Uniform Resource Identifier <a href="http://www.loc.gov/catdir/enhancements/fy0732/2003276073-b.html">http://www.loc.gov/catdir/enhancements/fy0732/2003276073-b.html</a>
942 ## - ADDED ENTRY ELEMENTS (KOHA)
Source of classification or shelving scheme
Koha item type Book
Holdings
Withdrawn status Lost status Source of classification or shelving scheme Damaged status Not for loan Permanent Location Current Location Shelving location Date acquired Total Checkouts Full call number Barcode Date last seen Price effective from Koha item type
          College of Electrical & Mechanical Engineering (CEME) College of Electrical & Mechanical Engineering (CEME) General Stacks 03/09/2017   530.411 KAX CEME-47205 06/28/2021 06/28/2021 Book
          College of Electrical & Mechanical Engineering (CEME) College of Electrical & Mechanical Engineering (CEME) General Stacks 03/09/2017   530.411 KAX CEME-47206 06/28/2021 06/28/2021 Book
© 2023 Central Library, National University of Sciences and Technology. All Rights Reserved.